|
|
แสดงรายละเอียดบรรณานุกรม |
|
|
Brief Record
: Get Marc (ISO 2709)
: E-mail record
: |
|
|
| LEADER 00000nam 2200000uu 4500 | |||
| 008 110301s2552||||th 000 0 tha d | |||
| 060 0 อ KPT 2735 พ365 2552 | |||
| 110 1 ^aสถาบันรับรองคุณภาพสถานพยาบาล (องค์การมหาชน). | |||
| 245 00 ^aพระราชกฤษฎีกา จัดตั้งสถาบันรับรองคุณภาพสถานพยาบาล (องค์การมหาชน) พ.ศ.2552. | |||
| 260 ^aนนทบุรี : ^bสถาบันรับรองคุณภาพสถานพยาบาล,^c2552. | |||
| 300 ^aจำนวน 33 หน้า. | |||
| 650 0 ^aสถาบันรับรองคุณภาพสถานพยาบาล. | |||
| 650 0 ^aสถาบันรับรองคุณภาพสถานพยาบาล - - ^xกฎหมายและระเบียบข้อบังคับ. | |||
| 999 ^aใช้งานได้ทุกระบบ | |||
| คุณยังไม่ได้ล็อกอิน คุณสามารถมีกิจกรรมร่วมกับเว็บไซต์ได้ แต่ต้องล็อกอินก่อน :: |
|
| สถานะ | |||||||||
| 1. | หนังสืออ้างอิง | อ KPT 2735 พ365 2552 | On Shelf ขอยืม | ||||||
| [แสดง 1/1 รายการ] | |||||||||
BibComment |
| คอมเมนท์ทรัพยากรรายการนี้ |
|
|